[Event "MCA Champions"]
[Site "Winnipeg CAN"]
[Date "2011.11.01"]
[Round "1"]
[White "Lipic, Stephen"]
[Black "Boron, Anthony"]
[Result "1/2-1/2"]
[WhiteElo "1843"]
[BlackElo "1960"]
[PlyCount "84"]
[GameId "2160767909647766"]
[EventDate "2011.11.01"]
[EventType "swiss"]
[EventRounds "6"]
[EventCountry "CAN"]
[SourceTitle "EXT 2019"]
[Source "ChessBase"]
[SourceDate "2018.10.10"]
[SourceVersion "1"]
[SourceVersionDate "2018.10.10"]
[SourceQuality "1"]

1. e4 c6 2. d4 d5 3. e5 c5 4. Nf3 cxd4 5. Qxd4 Nc6 6. Bb5 e6 7. O-O Bd7 8. Qg4 Nxe5 9. Bxd7+ Nxd7 10. Nc3 Ngf6 11. Qg3 g6 12. Bg5 Be7 13. Bh6 Qb6 14. Rfe1 Rc8 15. Ne5 Nxe5 16. Qxe5 Qc7 17. Qxc7 Rxc7 18. Bg7 Rxc3 19. bxc3 Rg8 20. Bh6 b6 21. a4 g5 22. h4 Ne4 23. a5 Bc5 24. Rxe4 dxe4 25. Bxg5 Kd7 26. axb6 Bxb6 27. Bf6 Rg4 28. Bd4 Kc6 29. g3 f5 30. Kg2 h5 31. Ra4 a5 32. Rc4+ Kb5 33. Rc8 Bxd4 34. cxd4 a4 35. c4+ Kb6 36. Ra8 f4 37. Rxa4 e3 38. Ra3 e2 39. Ra1 fxg3 40. fxg3 Rxd4 41. Re1 e5 42. Rxe2 e4 1/2-1/2

[Event "MCA Champions"]
[Site "Winnipeg CAN"]
[Date "2011.11.08"]
[Round "2"]
[White "Boron, Anthony"]
[Black "Kaptsan, Aron"]
[Result "1-0"]
[WhiteElo "1960"]
[BlackElo "2043"]
[PlyCount "73"]
[GameId "2160767909647767"]
[EventDate "2011.11.01"]
[EventType "swiss"]
[EventRounds "6"]
[EventCountry "CAN"]
[SourceTitle "EXT 2019"]
[Source "ChessBase"]
[SourceDate "2018.10.10"]
[SourceVersion "1"]
[SourceVersionDate "2018.10.10"]
[SourceQuality "1"]

1. e4 e5 2. Nf3 Nc6 3. Bc4 Bc5 4. b4 Bxb4 5. c3 Be7 6. Qb3 Nh6 7. d4 Na5 8. Qb5 Nxc4 9. Qxc4 exd4 10. Bxh6 gxh6 11. cxd4 d6 12. Nc3 Rg8 13. g3 c6 14. O-O h5 15. d5 c5 16. e5 Bg4 17. Qb5+ Qd7 18. exd6 Bxd6 19. Rfe1+ Kf8 20. Qxd7 Bxd7 21. Ne4 Rg6 22. Rac1 b6 23. Nh4 Rh6 24. f4 Re8 25. Kf2 Be7 26. Nf3 f5 27. Ne5 Bc8 28. Nc3 Ba6 29. Nc6 Rd6 30. Re5 Bd3 31. Rce1 Bf6 32. Rxe8+ Kf7 33. R1e7+ Bxe7 34. Rxe7+ Kf6 35. Rxh7 Kg6 36. Rxa7 b5 37. Ne5+ 1-0

[Event "MCA Champions"]
[Site "Winnipeg CAN"]
[Date "2011.11.08"]
[Round "2"]
[White "Lipnowski, Samuel"]
[Black "Schulz, Waldemar"]
[Result "1-0"]
[WhiteElo "2201"]
[BlackElo "2025"]
[PlyCount "73"]
[GameId "2160767909647768"]
[EventDate "2011.11.01"]
[EventType "swiss"]
[EventRounds "6"]
[EventCountry "CAN"]
[SourceTitle "EXT 2019"]
[Source "ChessBase"]
[SourceDate "2018.10.10"]
[SourceVersion "1"]
[SourceVersionDate "2018.10.10"]
[SourceQuality "1"]

1. e4 c5 2. Nf3 Nc6 3. Nc3 d6 4. d4 cxd4 5. Nxd4 e5 6. Nf5 Bxf5 7. exf5 h6 8. Bc4 Nf6 9. Be3 a6 10. Qe2 Qa5 11. O-O-O Be7 12. Kb1 b5 13. Bb3 Rc8 14. g4 Qc7 15. h4 b4 16. Na4 Nd7 17. Qxa6 Nc5 18. Nxc5 dxc5 19. g5 Nd4 20. Bxd4 cxd4 21. g6 f6 22. Qe6 Rf8 23. Ba4+ Kd8 24. Rh3 Qd6 25. Qb3 Rb8 26. Qf3 Qa6 27. Bb3 Rb6 28. Qe4 Qb7 29. Bd5 Qc7 30. Rhd3 Bc5 31. Ka1 Kc8 32. Rb3 Rd8 33. Rdd3 Kd7 34. c3 bxc3 35. bxc3 Rxb3 36. Bxb3 Ke7 37. f4 1-0

[Event "MCA Champions"]
[Site "Winnipeg CAN"]
[Date "2011.11.15"]
[Round "3"]
[White "Boron, Anthony"]
[Black "Lipnowski, Samuel"]
[Result "0-1"]
[WhiteElo "1960"]
[BlackElo "2201"]
[PlyCount "68"]
[GameId "2160767909647769"]
[EventDate "2011.11.01"]
[EventType "swiss"]
[EventRounds "6"]
[EventCountry "CAN"]
[SourceTitle "EXT 2019"]
[Source "ChessBase"]
[SourceDate "2018.10.10"]
[SourceVersion "1"]
[SourceVersionDate "2018.10.10"]
[SourceQuality "1"]

1. e4 c5 2. d4 cxd4 3. c3 d3 4. Bxd3 Nc6 5. Nf3 g6 6. O-O Bg7 7. c4 Nf6 8. Nc3 O-O 9. h3 d6 10. Be3 a6 11. Qd2 Be6 12. Bh6 Rc8 13. Bxg7 Kxg7 14. b3 Qa5 15. Rac1 Ne5 16. Be2 Nxf3+ 17. Bxf3 b5 18. cxb5 axb5 19. Qb2 b4 20. Ne2 Bd7 21. Rfd1 Kg8 22. Ng3 Qg5 23. Rc4 Rxc4 24. bxc4 Qc5 25. Rc1 Rc8 26. h4 h5 27. Qd2 Kh7 28. Qg5 Qd4 29. Rd1 Qxc4 30. Rxd6 exd6 31. Qxf6 Qe6 32. Qb2 Qe5 33. Qxb4 Rc1+ 34. Kh2 Qf4 0-1

[Event "MCA Champions"]
[Site "Winnipeg CAN"]
[Date "2011.11.15"]
[Round "3"]
[White "Lipic, Stephen"]
[Black "Pottinger, Carl"]
[Result "1/2-1/2"]
[WhiteElo "1843"]
[BlackElo "1994"]
[PlyCount "65"]
[GameId "2160767909647771"]
[EventDate "2011.11.01"]
[EventType "swiss"]
[EventRounds "6"]
[EventCountry "CAN"]
[SourceTitle "EXT 2019"]
[Source "ChessBase"]
[SourceDate "2018.10.10"]
[SourceVersion "1"]
[SourceVersionDate "2018.10.10"]
[SourceQuality "1"]

1. e4 c5 2. Nc3 d6 3. f4 Nc6 4. Nf3 g6 5. Bb5 Bg7 6. O-O Nf6 7. d3 O-O 8. Bxc6 bxc6 9. Na4 Qa5 10. c4 Rb8 11. Rb1 Bg4 12. b3 Nd7 13. h3 Bd4+ 14. Kh2 Bxf3 15. Qxf3 Nb6 16. Nxb6 Rxb6 17. f5 Bg7 18. Bb2 Bxb2 19. Rxb2 Qc3 20. Rbf2 Qe5+ 21. g3 a5 22. h4 a4 23. h5 axb3 24. fxg6 hxg6 25. hxg6 f6 26. axb3 Rxb3 27. Qd1 Rb2 28. Kg2 Rxf2+ 29. Rxf2 Kg7 30. Qg4 Rh8 31. Qf5 Rh5 32. Qxe5 Rxe5 33. Rf5 1/2-1/2

[Event "MCA Champions"]
[Site "Winnipeg CAN"]
[Date "2011.11.22"]
[Round "4"]
[White "Kaptsan, Aron"]
[Black "Schulz, Waldemar"]
[Result "0-1"]
[WhiteElo "2043"]
[BlackElo "2025"]
[PlyCount "46"]
[GameId "2160767909647772"]
[EventDate "2011.11.01"]
[EventType "swiss"]
[EventRounds "6"]
[EventCountry "CAN"]
[SourceTitle "EXT 2019"]
[Source "ChessBase"]
[SourceDate "2018.10.10"]
[SourceVersion "1"]
[SourceVersionDate "2018.10.10"]
[SourceQuality "1"]

1. d4 Nf6 2. c4 e6 3. Nc3 d5 4. e3 c6 5. Nf3 Bd6 6. Bd3 Nbd7 7. O-O O-O 8. e4 dxe4 9. Nxe4 Nxe4 10. Bxe4 Nf6 11. Bc2 Qc7 12. b3 e5 13. c5 Be7 14. dxe5 Ng4 15. Qe2 Bxc5 16. Qe4 g6 17. h3 Nxf2 18. Rxf2 Bf5 19. Qc4 Qb6 20. Bxf5 Bxf2+ 21. Kh2 Be3 22. Bxe3 Qxe3 23. Qd3 Qf4+ 0-1

[Event "MCA Champions"]
[Site "Winnipeg CAN"]
[Date "2011.11.22"]
[Round "4"]
[White "Zaczek, Jonathon"]
[Black "Boron, Anthony"]
[Result "1-0"]
[WhiteElo "2114"]
[BlackElo "1960"]
[PlyCount "39"]
[GameId "2160767909647773"]
[EventDate "2011.11.01"]
[EventType "swiss"]
[EventRounds "6"]
[EventCountry "CAN"]
[SourceTitle "EXT 2019"]
[Source "ChessBase"]
[SourceDate "2018.10.10"]
[SourceVersion "1"]
[SourceVersionDate "2018.10.10"]
[SourceQuality "1"]

1. e4 e6 2. d4 d5 3. Nc3 Nf6 4. Bg5 Bb4 5. e5 h6 6. exf6 hxg5 7. fxg7 Rg8 8. h4 Rxg7 9. hxg5 Qxg5 10. Nf3 Qg6 11. Bd3 Qg4 12. Qd2 Nc6 13. O-O-O Bd7 14. Qe3 O-O-O 15. Rh4 Qxg2 16. Bf1 Qg6 17. Rh6 Qf5 18. Bh3 Rg4 19. Bxg4 Qxg4 20. Rg1 1-0

[Event "MCA Champions"]
[Site "Winnipeg CAN"]
[Date "2011.11.29"]
[Round "5"]
[White "Pottinger, Carl"]
[Black "Kaptsan, Aron"]
[Result "1-0"]
[WhiteElo "1994"]
[BlackElo "2043"]
[PlyCount "69"]
[GameId "2160767909647774"]
[EventDate "2011.11.01"]
[EventType "swiss"]
[EventRounds "6"]
[EventCountry "CAN"]
[SourceTitle "EXT 2019"]
[Source "ChessBase"]
[SourceDate "2018.10.10"]
[SourceVersion "1"]
[SourceVersionDate "2018.10.10"]
[SourceQuality "1"]

1. d4 Nf6 2. c4 g6 3. Nf3 Bg7 4. g3 O-O 5. Bg2 d6 6. O-O Nbd7 7. Nc3 e5 8. e4 Re8 9. Re1 exd4 10. Nxd4 a5 11. h3 c6 12. Be3 Nc5 13. Qc2 a4 14. Rad1 Nfd7 15. f4 Qa5 16. Kh2 a3 17. b3 Na6 18. Nde2 Nb4 19. Qb1 Qc7 20. Bd4 Nf8 21. Bxg7 Kxg7 22. Rd2 f5 23. Red1 fxe4 24. Nxe4 d5 25. Qa1+ Kh6 26. Nf6 Be6 27. Nxe8 Rxe8 28. cxd5 Bxd5 29. Ng1 Ne6 30. Qc1 Bxg2 31. Kxg2 Qb6 32. Re2 Kg7 33. Rd7+ Kg8 34. f5 gxf5 35. Qh6 1-0

[Event "MCA Champions"]
[Site "Winnipeg CAN"]
[Date "2011.11.29"]
[Round "5"]
[White "Zaczek, Jonathon"]
[Black "Lipnowski, Samuel"]
[Result "1-0"]
[WhiteElo "2114"]
[BlackElo "2201"]
[PlyCount "137"]
[GameId "2160767909647775"]
[EventDate "2011.11.01"]
[EventType "swiss"]
[EventRounds "6"]
[EventCountry "CAN"]
[SourceTitle "EXT 2019"]
[Source "ChessBase"]
[SourceDate "2018.10.10"]
[SourceVersion "1"]
[SourceVersionDate "2018.10.10"]
[SourceQuality "1"]

1. e4 c5 2. Nf3 d6 3. d4 cxd4 4. Nxd4 Nf6 5. Nc3 a6 6. Bc4 e6 7. Bb3 b5 8. O-O Be7 9. Qf3 Qc7 10. Qg3 O-O 11. Bh6 Ne8 12. Rfe1 Bd7 13. Nf5 exf5 14. Nd5 Qd8 15. exf5 Bh4 16. Rxe8 Bxg3 17. Rxd8 Rxd8 18. Bg5 Nc6 19. hxg3 Bxf5 20. Bxd8 Rxd8 21. a4 Kf8 22. axb5 axb5 23. Ne3 Be6 24. Ra6 Rc8 25. Bxe6 fxe6 26. Rb6 b4 27. Nc4 Nd4 28. Nxd6 Rxc2 29. Rxb4 Ne2+ 30. Kh2 Rc5 31. g4 h5 32. Re4 Nc1 33. Rxe6 Kg8 34. gxh5 Rxh5+ 35. Kg3 Nd3 36. f4 Nxb2 37. Kg4 Rh2 38. g3 Nd3 39. Kg5 Kh7 40. Nf5 Nf2 41. Re7 Nh3+ 42. Kg4 Nf2+ 43. Kf3 Kg6 44. g4 Nd3 45. Rxg7+ Kf6 46. Ra7 Nc5 47. Rc7 Ne6 48. Rc6 Kf7 49. g5 Rh1 50. Kg4 Rg1+ 51. Ng3 Nd4 52. Rc7+ Ke6 53. Rc5 Nb3 54. Re5+ Kf7 55. f5 Nd2 56. g6+ Kg7 57. Re7+ Kf6 58. Rf7+ Ke5 59. Re7+ Kf6 60. Re6+ Kg7 61. Kf4 Nc4 62. Re7+ Kf8 63. g7+ Kg8 64. f6 Nd6 65. Rd7 Nf7 66. Ra7 Rb1 67. Ra8+ Kh7 68. g8=Q+ Kh6 69. Qg7# 1-0

[Event "MCA Champions"]
[Site "Winnipeg CAN"]
[Date "2011.12.06"]
[Round "6"]
[White "Lipnowski, Samuel"]
[Black "Pottinger, Carl"]
[Result "1-0"]
[WhiteElo "2201"]
[BlackElo "1994"]
[PlyCount "65"]
[GameId "2160767909647776"]
[EventDate "2011.11.01"]
[EventType "swiss"]
[EventRounds "6"]
[EventCountry "CAN"]
[SourceTitle "EXT 2019"]
[Source "ChessBase"]
[SourceDate "2018.10.10"]
[SourceVersion "1"]
[SourceVersionDate "2018.10.10"]
[SourceQuality "1"]

1. e4 c5 2. Nf3 d6 3. d4 cxd4 4. Nxd4 Nf6 5. Nc3 g6 6. g3 Bg7 7. Bg2 O-O 8. h3 Nc6 9. Nde2 Be6 10. a4 Rc8 11. Be3 a6 12. O-O Ne5 13. b3 Nc6 14. Rc1 Qa5 15. Nd5 Bxd5 16. exd5 Ne5 17. f4 Ned7 18. c4 Nc5 19. Qc2 b5 20. axb5 axb5 21. Nd4 bxc4 22. bxc4 Qa4 23. Nc6 Rc7 24. Qe2 Re8 25. Rb1 Qa3 26. Rf3 Qd3 27. Qxd3 Nxd3 28. Bb6 Rxc6 29. dxc6 Nc5 30. Bxc5 dxc5 31. c7 Nd7 32. Rfb3 Bd4+ 33. Kf1 1-0

[Event "Maisonneuve mem."]
[Site "Gatineau CAN"]
[Date "2011.10.25"]
[Round "1"]
[White "Arsenault, Yves"]
[Black "Gagnon, Fabien"]
[Result "1/2-1/2"]
[WhiteElo "1538"]
[BlackElo "1955"]
[PlyCount "83"]
[GameId "2160767909647853"]
[EventDate "2011.10.25"]
[EventType "swiss"]
[EventRounds "4"]
[EventCountry "CAN"]
[SourceTitle "EXT 2022"]
[Source "ChessBase"]
[SourceDate "2021.10.06"]
[SourceVersion "1"]
[SourceVersionDate "2021.10.06"]
[SourceQuality "1"]

1. e4 c5 2. Nf3 e6 3. Nc3 a6 4. d4 cxd4 5. Nxd4 Qc7 6. g3 b5 7. Bg2 Bb7 8. O-O Nf6 9. Qd3 Nc6 10. Nxc6 Bxc6 11. Re1 d6 12. f4 Be7 13. Be3 O-O 14. h3 Rfd8 15. Bf2 Rac8 16. a3 d5 17. e5 Ne4 18. Nxe4 dxe4 19. Qe3 Qb7 20. c3 Rd3 21. Qe2 Rcd8 22. Be3 Qd7 23. Rab1 Qd5 24. Kh2 a5 25. Bd4 Rxd4 26. cxd4 Qxd4 27. Rbd1 Qc5 28. Rxd8+ Bxd8 29. Rd1 Bb6 30. g4 g5 31. Bxe4 gxf4 32. Bxc6 Qxc6 33. Rf1 Be3 34. Qd3 Kg7 35. h4 Qb7 36. g5 b4 37. h5 Qe7 38. h6+ Kf8 39. Qa6 Qxg5 40. Qc8+ Ke7 41. Qc7+ Ke8 42. Qc8+ 1/2-1/2

[Event "Maisonneuve mem."]
[Site "Gatineau CAN"]
[Date "2011.10.25"]
[Round "1"]
[White "Beland, Guy"]
[Black "Martin, Steve"]
[Result "0-1"]
[WhiteElo "1440"]
[BlackElo "1684"]
[PlyCount "41"]
[GameId "2160767909647854"]
[EventDate "2011.10.25"]
[EventType "swiss"]
[EventRounds "4"]
[EventCountry "CAN"]
[SourceTitle "EXT 2022"]
[Source "ChessBase"]
[SourceDate "2021.10.06"]
[SourceVersion "1"]
[SourceVersionDate "2021.10.06"]
[SourceQuality "1"]

1. e4 e6 2. d4 d5 3. Nc3 Bb4 4. e5 c5 5. Nf3 cxd4 6. Nxd4 Qc7 7. Bd2 Qxe5+ 8. Nde2 Nc6 9. f4 Qf6 10. a3 Ba5 11. Be3 Nge7 12. Nd4 e5 13. fxe5 Qxe5 14. Qd2 Nf5 15. O-O-O Nxe3 16. Re1 Qxd4 17. Rxe3+ Be6 18. Bd3 Bxc3 19. bxc3 Qc5 20. Rxe6+ fxe6 21. Re1 0-1

[Event "Maisonneuve mem."]
[Site "Gatineau CAN"]
[Date "2011.10.25"]
[Round "1"]
[White "Berthiaume, Patrick"]
[Black "Roth, Gerhard"]
[Result "1-0"]
[WhiteElo "1300"]
[BlackElo "1250"]
[PlyCount "79"]
[GameId "2160767909647855"]
[EventDate "2011.10.25"]
[EventType "swiss"]
[EventRounds "4"]
[EventCountry "CAN"]
[SourceTitle "EXT 2022"]
[Source "ChessBase"]
[SourceDate "2021.10.06"]
[SourceVersion "1"]
[SourceVersionDate "2021.10.06"]
[SourceQuality "1"]

1. e4 c5 2. Nf3 d6 3. c3 Nf6 4. d3 g6 5. Be3 Bg7 6. Nbd2 O-O 7. d4 Ng4 8. Bg5 h6 9. Bh4 Nc6 10. d5 Nce5 11. h3 Nxf3+ 12. Nxf3 Ne5 13. Nd2 a6 14. f4 Nd7 15. Nf3 b5 16. g4 b4 17. Qd2 bxc3 18. bxc3 f5 19. gxf5 gxf5 20. Bd3 fxe4 21. Bxe4 c4 22. Rg1 Kh8 23. Rxg7 Kxg7 24. Qd4+ Nf6 25. Qg1+ Ng4 26. hxg4 Rxf4 27. Qd4+ Rf6 28. Kd2 Rb8 29. Bxf6+ exf6 30. Qa7+ Rb7 31. Qd4 Bxg4 32. Qxc4 Rb2+ 33. Ke3 Qe7 34. Rg1 h5 35. Nd4 Qa7 36. Bf5 Kh6 37. Bxg4 hxg4 38. Rxg4 Kh5 39. Rf4 Qg7 40. Rh4+ 1-0

[Event "Maisonneuve mem."]
[Site "Gatineau CAN"]
[Date "2011.10.25"]
[Round "1"]
[White "Cossette, Daniel"]
[Black "Legault, Stephane"]
[Result "1-0"]
[WhiteElo "2039"]
[BlackElo "1522"]
[PlyCount "57"]
[GameId "2160767909647856"]
[EventDate "2011.10.25"]
[EventType "swiss"]
[EventRounds "4"]
[EventCountry "CAN"]
[SourceTitle "EXT 2022"]
[Source "ChessBase"]
[SourceDate "2021.10.06"]
[SourceVersion "1"]
[SourceVersionDate "2021.10.06"]
[SourceQuality "1"]

1. e4 e5 2. Nf3 Nc6 3. d4 exd4 4. c3 g6 5. cxd4 Bg7 6. Nc3 Nge7 7. Be3 O-O 8. Qd2 d5 9. e5 Bf5 10. h3 a6 11. g4 Be4 12. Nxe4 dxe4 13. Ng5 Nd5 14. Nxe4 Nxe3 15. fxe3 Qh4+ 16. Qf2 Qe7 17. g5 Nxe5 18. dxe5 Qxe5 19. Bg2 f5 20. Nf6+ Bxf6 21. gxf6 Rxf6 22. O-O-O Qc5+ 23. Kb1 c6 24. Qd2 Re8 25. Rhe1 Rfe6 26. Rc1 Qb6 27. Rc3 Rd8 28. Rd3 Red6 29. Rxd6 1-0

[Event "Maisonneuve mem."]
[Site "Gatineau CAN"]
[Date "2011.10.25"]
[Round "1"]
[White "Dagenais, Benoit"]
[Black "Legare, Gilles"]
[Result "1-0"]
[WhiteElo "1686"]
[BlackElo "1125"]
[PlyCount "39"]
[GameId "2160767909647857"]
[EventDate "2011.10.25"]
[EventType "swiss"]
[EventRounds "4"]
[EventCountry "CAN"]
[SourceTitle "EXT 2022"]
[Source "ChessBase"]
[SourceDate "2021.10.06"]
[SourceVersion "1"]
[SourceVersionDate "2021.10.06"]
[SourceQuality "1"]

1. e4 e5 2. f4 Nc6 3. Bc4 exf4 4. Nf3 d6 5. d4 g5 6. O-O a5 7. Nc3 Nge7 8. Nxg5 Be6 9. Nxe6 Qd7 10. Qh5 Ng6 11. Nxf4 O-O-O 12. Nxg6 fxg6 13. Qd5 Bg7 14. Be3 h5 15. Rf7 Ne7 16. Qxa5 Kb8 17. Rxg7 h4 18. d5 h3 19. Qa7+ Kc8 20. Qa8# 1-0

[Event "Maisonneuve mem."]
[Site "Gatineau CAN"]
[Date "2011.10.25"]
[Round "1"]
[White "Guimond, Michel"]
[Black "Menard, Marc"]
[Result "1-0"]
[WhiteElo "1945"]
[BlackElo "1478"]
[PlyCount "61"]
[GameId "2160767909647858"]
[EventDate "2011.10.25"]
[EventType "swiss"]
[EventRounds "4"]
[EventCountry "CAN"]
[SourceTitle "EXT 2022"]
[Source "ChessBase"]
[SourceDate "2021.10.06"]
[SourceVersion "1"]
[SourceVersionDate "2021.10.06"]
[SourceQuality "1"]

1. e4 d5 2. exd5 Nf6 3. d4 Nxd5 4. c4 Nb6 5. Nc3 g6 6. Be3 Bg7 7. Qd2 Nc6 8. Rd1 Bg4 9. f3 Bc8 10. b3 e6 11. Nge2 O-O 12. Bg5 f6 13. Bh6 Bxh6 14. Qxh6 Ne7 15. g4 f5 16. g5 f4 17. Bh3 Nf5 18. Bxf5 Rxf5 19. Ne4 Nd7 20. h4 c5 21. h5 Qf8 22. hxg6 Qxh6 23. Rxh6 hxg6 24. Rxg6+ Kf8 25. Nd6 cxd4 26. Nxf5 exf5 27. Rxd4 Ne5 28. Rf6+ Ke7 29. Kf2 b6 30. Nxf4 Bb7 31. Re6+ 1-0

[Event "Maisonneuve mem."]
[Site "Gatineau CAN"]
[Date "2011.10.25"]
[Round "1"]
[White "Libersan, Mattieu"]
[Black "Pilon, Robert"]
[Result "1-0"]
[WhiteElo "1819"]
[BlackElo "1465"]
[PlyCount "29"]
[GameId "2160767909647859"]
[EventDate "2011.10.25"]
[EventType "swiss"]
[EventRounds "4"]
[EventCountry "CAN"]
[SourceTitle "EXT 2022"]
[Source "ChessBase"]
[SourceDate "2021.10.06"]
[SourceVersion "1"]
[SourceVersionDate "2021.10.06"]
[SourceQuality "1"]

1. e4 Nc6 2. d4 d5 3. Nc3 dxe4 4. d5 Nb4 5. a3 Na6 6. Nxe4 e6 7. Bc4 exd5 8. Bxd5 c6 9. Bxf7+ Ke7 10. Bg5+ Nf6 11. Qxd8+ Kxd8 12. O-O-O+ Ke7 13. Bb3 Bf5 14. Nd6 Nc5 15. Nxf5+ 1-0

[Event "Maisonneuve mem."]
[Site "Gatineau CAN"]
[Date "2011.10.25"]
[Round "1"]
[White "Morones, Oliver"]
[Black "Morel, Joseph"]
[Result "0-1"]
[WhiteElo "1222"]
[BlackElo "1575"]
[PlyCount "74"]
[GameId "2160767909647860"]
[EventDate "2011.10.25"]
[EventType "swiss"]
[EventRounds "4"]
[EventCountry "CAN"]
[SourceTitle "EXT 2022"]
[Source "ChessBase"]
[SourceDate "2021.10.06"]
[SourceVersion "1"]
[SourceVersionDate "2021.10.06"]
[SourceQuality "1"]

1. e4 c5 2. d3 Nc6 3. h3 g6 4. Nc3 Bg7 5. a3 e5 6. Bd2 Nge7 7. Nf3 O-O 8. h4 d5 9. h5 dxe4 10. Ng5 exd3 11. Bxd3 Bf5 12. Nge4 b6 13. g4 Be6 14. Qf3 c4 15. hxg6 Nxg6 16. Qh3 Qh4 17. Qg2 Qe7 18. Be2 Nf4 19. Bxf4 exf4 20. O-O-O Rfd8 21. Qh2 h6 22. Qxf4 Nd4 23. Rde1 b5 24. Rxh6 b4 25. Nf6+ Bxf6 26. Rxf6 bxc3 27. Qg5+ Kf8 28. Bxc4 cxb2+ 29. Kb1 Rac8 30. Bxe6 Nxe6 31. Qh6+ Ke8 32. Qh5 Qxf6 33. Qb5+ Kf8 34. Qb4+ Kg8 35. Rh1 Qxf2 36. g5 Qxc2+ 37. Ka2 b1=Q# 0-1

[Event "Maisonneuve mem."]
[Site "Gatineau CAN"]
[Date "2011.10.25"]
[Round "1"]
[White "Scantland, Patrick"]
[Black "Lemieux, Denis"]
[Result "1-0"]
[WhiteElo "1751"]
[BlackElo "1417"]
[PlyCount "61"]
[GameId "2160767909647861"]
[EventDate "2011.10.25"]
[EventType "swiss"]
[EventRounds "4"]
[EventCountry "CAN"]
[SourceTitle "EXT 2022"]
[Source "ChessBase"]
[SourceDate "2021.10.06"]
[SourceVersion "1"]
[SourceVersionDate "2021.10.06"]
[SourceQuality "1"]

1. e4 c6 2. Nf3 d5 3. exd5 cxd5 4. d4 Nf6 5. Bd3 e6 6. O-O Be7 7. Ne5 O-O 8. Nd2 Nc6 9. Ndf3 Qc7 10. c3 a6 11. Bf4 Bd6 12. Rc1 Qe7 13. Re1 Rd8 14. Ng5 Bxe5 15. Bxe5 h6 16. Nf3 Nxe5 17. Nxe5 Qd6 18. f4 Nd7 19. Qh5 Nxe5 20. fxe5 Qe7 21. Re3 Qg5 22. Qe2 Bd7 23. Re1 Rf8 24. Rg3 Qe7 25. Qh5 Kh8 26. Rf1 f5 27. exf6 Rxf6 28. Rxf6 Qxf6 29. Rf3 Qg5 30. Qf7 Rd8 31. Qf8+ 1-0

[Event "Maisonneuve mem."]
[Site "Gatineau CAN"]
[Date "2011.10.25"]
[Round "1"]
[White "Villeneuve, Luc"]
[Black "Danilov, Alex"]
[Result "1-0"]
[WhiteElo "1533"]
[BlackElo "1745"]
[PlyCount "113"]
[GameId "2160767909647862"]
[EventDate "2011.10.25"]
[EventType "swiss"]
[EventRounds "4"]
[EventCountry "CAN"]
[SourceTitle "EXT 2022"]
[Source "ChessBase"]
[SourceDate "2021.10.06"]
[SourceVersion "1"]
[SourceVersionDate "2021.10.06"]
[SourceQuality "1"]

1. Nf3 Nf6 2. g3 c5 3. Bg2 Nc6 4. d3 d5 5. O-O e5 6. Nbd2 Be7 7. c4 O-O 8. cxd5 Nxd5 9. Nc4 Bf6 10. a4 Be6 11. Nfd2 Qd7 12. Ne4 b6 13. Re1 Bh3 14. Bh1 h6 15. Ra3 Be7 16. Nc3 Nxc3 17. bxc3 Rad8 18. Ra1 Be6 19. Ne3 f5 20. c4 f4 21. Nd5 Bg5 22. Bd2 fxg3 23. hxg3 Bxd2 24. Qxd2 Nd4 25. Ra3 Qf7 26. Rf1 Bg4 27. f3 Be6 28. Nc3 Bxc4 29. dxc4 Nxf3+ 30. Rxf3 Rxd2 31. Rxf7 Kxf7 32. Bd5+ Kg6 33. Kg2 h5 34. a5 Kh6 35. axb6 axb6 36. Ra6 Rf6 37. Ra8 Kh7 38. Be4+ g6 39. Bf3 Rc2 40. Ne4 Rf5 41. Rb8 Rb2 42. Rb7+ Kh6 43. Rb8 Rb4 44. Nd6 Rf6 45. Ne4 Rf7 46. Rh8+ Kg7 47. Re8 Ra7 48. Rxe5 Rxc4 49. Nd6 Rd4 50. Nb5 Rda4 51. Nxa7 Rxa7 52. Re6 b5 53. Be4 b4 54. Rxg6+ Kf7 55. Rg5 c4 56. Rxh5 Rc7 57. Rh7+ 1-0

[Event "Maisonneuve mem."]
[Site "Gatineau CAN"]
[Date "2011.11.01"]
[Round "2"]
[White "Bellgrau, Marian"]
[Black "Jiang, Qizhe"]
[Result "1-0"]
[WhiteElo "1847"]
[BlackElo "1340"]
[PlyCount "93"]
[GameId "2160767909647863"]
[EventDate "2011.10.25"]
[EventType "swiss"]
[EventRounds "4"]
[EventCountry "CAN"]
[SourceTitle "EXT 2022"]
[Source "ChessBase"]
[SourceDate "2021.10.06"]
[SourceVersion "1"]
[SourceVersionDate "2021.10.06"]
[SourceQuality "1"]

1. e4 d6 2. d4 g6 3. f4 Bg7 4. Be3 Nf6 5. Bd3 Nbd7 6. Nc3 e5 7. fxe5 dxe5 8. d5 O-O 9. Nge2 Ng4 10. Qd2 Nxe3 11. Qxe3 Nb6 12. O-O-O Qd6 13. Nb5 Qd7 14. Qc5 c6 15. dxc6 Qxc6 16. Qa3 Nc4 17. Qb4 Ne3 18. Rdg1 Rd8 19. Qc3 Qxc3 20. Nexc3 a6 21. Nc7 Ra7 22. N7d5 Bh6 23. Kb1 Nxd5 24. Nxd5 Be6 25. Bc4 b5 26. Nf6+ Kg7 27. Bxe6 Kxf6 28. Bd5 Kg7 29. g4 Kh8 30. g5 Bg7 31. h4 h5 32. Rf1 Rdd7 33. Rf3 Rdc7 34. a3 Kg8 35. Rhh3 Rc5 36. b4 Rcc7 37. Rc3 Kf8 38. Kb2 f6 39. gxf6 Bxf6 40. Rcf3 Kg7 41. Rfg3 Kh6 42. Rf3 Kg7 43. Kb3 Rc8 44. Rc3 Rac7 45. Rxc7+ Rxc7 46. c4 g5 47. hxg5 1-0

[Event "Maisonneuve mem."]
[Site "Gatineau CAN"]
[Date "2011.11.01"]
[Round "2"]
[White "Berthiaume, Patrick"]
[Black "Dagenais, Benoit"]
[Result "0-1"]
[WhiteElo "1300"]
[BlackElo "1686"]
[PlyCount "46"]
[GameId "2160767909647864"]
[EventDate "2011.10.25"]
[EventType "swiss"]
[EventRounds "4"]
[EventCountry "CAN"]
[SourceTitle "EXT 2022"]
[Source "ChessBase"]
[SourceDate "2021.10.06"]
[SourceVersion "1"]
[SourceVersionDate "2021.10.06"]
[SourceQuality "1"]

1. d4 Nf6 2. c4 e5 3. dxe5 Ng4 4. Nf3 Bc5 5. e3 Nc6 6. Nc3 O-O 7. Qd5 d6 8. exd6 Bxd6 9. Bd2 Nb4 10. Qe4 g6 11. O-O-O Nxf2 12. Qd4 c5 13. Qh4 Qxh4 14. Nxh4 Nxh1 15. Ne4 Be7 16. Nf3 Bf5 17. Bxb4 cxb4 18. Bd3 Bxe4 19. Bxe4 Nf2 20. Rd7 Nxe4 21. Rxe7 Nc5 22. Nd4 Rfe8 23. Rc7 Rac8 0-1